Hot drinks new product innovation December 2010.

Bibliographic Details
Format: Book
Published: London: Euromonitor, 2010.
Subjects:
LEADER 00387cam a2200133 7i4500
001 0000025939
005 20110222090000.0
090 0 0 |a P 641.37   |b HOT 
245 0 0 |a Hot drinks new product innovation December 2010. 
260 0 0 |a London:   |b Euromonitor,   |c 2010. 
300 # # |a 31p. 
650 0 0 |a Beverage industry and trade  
650 0 0 |a Hot Drinks  
999 |a B000028290  |b Book  |c Products  |e Business Information Centre